Quicker Competitive Mathematics: (Record no. 183110)

MARC details
000 -LEADER
fixed length control field 00492 a2200181 4500
005 - DATE AND TIME OF LATEST TRANSACTION
control field 20211216152732.0
010 ## - LCCN (DPL NO)
LC control number ENG-130378
020 ## - INTERNATIONAL STANDARD BOOK NUMBER
Terms of availability 250.00
035 ## - SYSTEM CONTROL NUMBER
System control number EN-113910
037 ## - SOURCE OF ACQUISITION
Source of stock number/acquisition DBAD / PUB
082 ## - DEWEY DECIMAL CLASSIFICATION NUMBER
Classification number 510
100 ## - MAIN ENTRY--PERSONAL NAME
Personal name Prasad, R.V.
245 ## - TITLE STATEMENT
Title Quicker Competitive Mathematics:
Statement of responsibility, etc R.V. Prasad
260 ## - PUBLICATION, DISTRIBUTION, ETC. (IMPRINT)
Name of publisher, distributor, etc Deepti Book House
Place of publication, distribution, etc Musum Road
Date of publication, distribution, etc 2016
270 ## - ADDRESS
City 2016
Address Musum Road, Vijayawada
300 ## - PHYSICAL DESCRIPTION
Extent 472p.
Dimensions 21cm (pbk)
942 ## - ADDED ENTRY ELEMENTS (KOHA)
Institution code [OBSOLETE] dpl
Item type English Books
Source of classification or shelving scheme Dewey Decimal Classification
Classification part 510
Call number suffix PRA
Holdings
Withdrawn status Lost status Not for loan Collection code Home library Current library Date acquired Source of acquisition Cost, normal purchase price Full call number Barcode Copy number Cost, replacement price Koha item type
      Non-fiction Shahdara Branch Shahdara Branch 16/12/2021 DBAD/PUB 250.00 510 PRA EN-113910 1 250.00 English Books

© Delhi Public Library
Hit Counter
free hit counter